[Event "St Petersburg Rapid final"]
[Site "St Petersburg"]
[Date "2014.09.27"]
[Round "2.2"]
[White "Vorobiov, Dmitry"]
[Black "Lintchevski, Daniil"]
[Result "0-1"]
[WhiteElo "2116"]
[BlackElo "2555"]
[PlyCount "66"]
[EventDate "2014.09.27"]
[EventType "k.o. (rapid)"]
[EventRounds "5"]
[EventCountry "RUS"]
[SourceTitle "CBM 162 Extra"]
[Source "ChessBase"]
[SourceDate "2014.10.17"]
[SourceVersion "1"]
[SourceVersionDate "2014.10.17"]
[SourceQuality "1"]

1. Nf3 d5 2. g3 c6 3. Bg2 Bg4 4. d3 Nd7 5. 0-0 e5 6. h3 Bxf3 7. Bxf3 Ngf6 8. Nd2 Bc5 9. e4 dxe4 10. dxe4 0-0 11. Nc4 Qc7 12. Qe2 Rfe8 13. h4 a5 14. h5 h6 15. Ne3 Bxe3 16. Bxe3 Nf8 17. Bg2 Ne6 18. f4 Rad8 19. c3 a4 20. Rf2 Qa5 21. Raf1 exf4 22. gxf4 Qxh5 23. Bf3 Qb5 24. c4 Qb4 25. e5 Nd4 26. Qd1 Nf5 27. Bd2 Qxc4 28. exf6 Ne3 29. Qc1 Qxf4 30. fxg7 Qg3+ 31. Bg2 Nxf1 32. Qxf1 Rxd2 33. Rxd2 Re1 0-1

[Event "Nizhnij Novgorod Region-ch"]
[Site "Nizhnij Novgorod"]
[Date "2013.10.19"]
[Round "4"]
[White "Markovsky, Georgy"]
[Black "Vorobiov, Dmitry"]
[Result "0-1"]
[WhiteElo "1787"]
[BlackElo "2116"]
[PlyCount "68"]
[EventDate "2013.10.19"]
[EventType "swiss"]
[EventRounds "9"]
[EventCountry "RUS"]
[SourceTitle "EXT 2022"]
[Source "ChessBase"]
[SourceDate "2021.10.06"]
[SourceVersion "1"]
[SourceVersionDate "2021.10.06"]
[SourceQuality "1"]

1. e4 c5 2. Nf3 d6 3. d4 cxd4 4. Nxd4 Nf6 5. Nc3 g6 6. Bb5+ Bd7 7. 0-0 Bg7 8. Qe2 0-0 9. h3 a6 10. Bc4 Nc6 11. Be3 Nxe4 12. Nd5 e6 13. Nxc6 Bxc6 14. Bb6 Qh4 15. Nc7 d5 16. Nxa8 dxc4 17. Nc7 Bxb2 18. Rae1 Qf4 19. Qxc4 Be5 20. g3 Qf5 21. Qd3 Rc8 22. f3 Qxh3 23. fxe4 Bxg3 24. Re2 Qh4 25. Qf3 f5 26. Qb3 Rxc7 27. Bxc7 Bxc7 28. Qxe6+ Kg7 29. Rff2 Bb6 30. Qe5+ Kf7 31. Rd2 Bxf2+ 32. Rxf2 Qxe4 33. Qc7+ Qe7 34. Qg3 Qe1+ 0-1

[Event "Nizhnij Novgorod Region-ch"]
[Site "Nizhnij Novgorod"]
[Date "2013.10.19"]
[Round "5"]
[White "Vorobiov, Dmitry"]
[Black "Mylnikova, Olga"]
[Result "1-0"]
[WhiteElo "2116"]
[BlackElo "1820"]
[PlyCount "87"]
[EventDate "2013.10.19"]
[EventType "swiss"]
[EventRounds "9"]
[EventCountry "RUS"]
[SourceTitle "EXT 2022"]
[Source "ChessBase"]
[SourceDate "2021.10.06"]
[SourceVersion "1"]
[SourceVersionDate "2021.10.06"]
[SourceQuality "1"]

1. e4 c5 2. Nc3 Nc6 3. f4 g6 4. Bb5 Nd4 5. Nf3 Bg7 6. 0-0 Nxb5 7. Nxb5 d5 8. d3 d4 9. b3 a6 10. Na3 b5 11. Qe1 Qc7 12. h3 Nf6 13. Bd2 Nd7 14. Qh4 Bb7 15. Ng5 h6 16. Nf3 Bf6 17. Qg4 h5 18. Qg3 e6 19. Ng5 Nf8 20. Rae1 Nd7 21. Re2 0-0 22. Qh4 Kg7 23. f5 Rae8 24. Bf4 e5 25. Bd2 Bc8 26. Rf3 Rh8 27. Qg3 Qd6 28. Ref2 Ref8 29. Ne6+ Kh7 30. Nxf8+ Rxf8 31. Bg5 Bg7 32. Qh4 Qb6 33. Nb1 Qa5 34. Nd2 Qxa2 35. Nf1 a5 36. f6 Bh8 37. g4 Kg8 38. gxh5 a4 39. Bh6 axb3 40. cxb3 Qxb3 41. Qg5 Kh7 42. Rg2 Rg8 43. Bg7 Bxg7 44. hxg6+ 1-0

[Event "RUS-ch U26"]
[Site "Novokuznetsk"]
[Date "2007.10.22"]
[Round "1"]
[White "Vorobiov, Dmitry"]
[Black "Kljucharev, Sergey"]
[Result "0-1"]
[WhiteElo "2116"]
[BlackElo "2349"]
[PlyCount "97"]
[EventDate "2007.10.22"]
[EventType "swiss"]
[EventRounds "9"]
[EventCountry "RUS"]
[SourceTitle "EXT 2009"]
[Source "ChessBase"]
[SourceDate "2008.11.26"]
[SourceVersion "1"]
[SourceVersionDate "2008.11.26"]
[SourceQuality "1"]

1. b3 d5 2. Bb2 c5 3. e3 Nf6 4. Nf3 a6 5. c4 e6 6. cxd5 exd5 7. Be2 Bd6 8. Qc2 0-0 9. d4 Nbd7 10. 0-0 b6 11. Nc3 Bb7 12. Rac1 Rc8 13. dxc5 bxc5 14. Rfd1 Re8 15. Qf5 Nf8 16. Qg5 Ng6 17. Na4 d4 18. Bc4 Qc7 19. Nxd4 Bxh2+ 20. Kf1 cxd4 21. Be6 Qb8 22. Bxc8 Bxc8 23. Bxd4 Be5 24. Bxe5 Nxe5 25. Nc5 Neg4 26. Ne4 Nxe4 27. Rd8 Ngf6 28. Rxe8+ Nxe8 29. Qd8 N4d6 30. a4 h6 31. e4 f6 32. f4 a5 33. Kg1 Qa7+ 34. Kh1 Qd7 35. Qxd7 Bxd7 36. e5 fxe5 37. fxe5 Ne4 38. Rc4 Ng5 39. Rc5 Be6 40. Rxa5 Bxb3 41. Ra8 Kf7 42. a5 Nc7 43. Rc8 Nge6 44. Kh2 Kg6 45. Kg3 Kf5 46. Kh4 Bd1 47. Rb8 g5+ 48. Kg3 h5 49. Kf2 0-1

[Event "St Petersburg-ch U18"]
[Site "St Petersburg"]
[Date "2007.10.13"]
[Round "9"]
[White "Vorobiov, Dmitry"]
[Black "Kosov, Ivan"]
[Result "0-1"]
[WhiteElo "2116"]
[BlackElo "2370"]
[PlyCount "42"]
[EventDate "2007.10.05"]
[EventType "swiss"]
[EventRounds "9"]
[EventCountry "RUS"]
[SourceTitle "EXT 2009"]
[Source "ChessBase"]
[SourceDate "2008.11.26"]
[SourceVersion "1"]
[SourceVersionDate "2008.11.26"]
[SourceQuality "1"]

1. e4 c5 2. Nf3 e6 3. c3 Nf6 4. e5 Nd5 5. d4 cxd4 6. cxd4 Nc6 7. Nc3 d6 8. Bb5 Nxc3 9. bxc3 Bd7 10. Bxc6 Bxc6 11. 0-0 Be7 12. Re1 0-0 13. Bf4 Rc8 14. Qd3 dxe5 15. Rxe5 Bxf3 16. Qxf3 Bf6 17. Re3 Qd7 18. Qg4 Rc4 19. Bh6 Rfc8 20. Rg3 Rxc3 21. Rd1 Rxg3 0-1

[Event "St Petersburg-ch U18"]
[Site "St Petersburg"]
[Date "2007.10.06"]
[Round "2"]
[White "Vorobiov, Dmitry"]
[Black "Zubritskiy, Artyom"]
[Result "0-1"]
[WhiteElo "2116"]
[BlackElo "2302"]
[PlyCount "48"]
[EventDate "2007.10.05"]
[EventType "swiss"]
[EventRounds "9"]
[EventCountry "RUS"]
[SourceTitle "EXT 2009"]
[Source "ChessBase"]
[SourceDate "2008.11.26"]
[SourceVersion "1"]
[SourceVersionDate "2008.11.26"]
[SourceQuality "1"]

1. e4 c5 2. Nf3 d6 3. Bb5+ Nd7 4. 0-0 e5 5. c3 a6 6. Ba4 Ngf6 7. d4 b5 8. Bc2 Be7 9. Bg5 0-0 10. a4 Bb7 11. Bxf6 Bxf6 12. d5 c4 13. axb5 axb5 14. Na3 Qb6 15. Qe2 Rfc8 16. Nd2 Ba6 17. Qg4 Nc5 18. Kh1 Rf8 19. f4 exf4 20. Rxf4 Be5 21. Rf3 b4 22. cxb4 Qxb4 23. Nf1 Bc8 24. Qh4 Qxb2 0-1

[Event "St Petersburg Autumn op"]
[Site "St Petersburg"]
[Date "2006.11.07"]
[Round "8"]
[White "Vorobiov, Dmitry"]
[Black "Karasev, Vladimir I"]
[Result "0-1"]
[WhiteElo "2129"]
[BlackElo "2378"]
[PlyCount "66"]
[EventDate "2006.10.31"]
[EventType "swiss"]
[EventRounds "9"]
[EventCountry "RUS"]
[SourceTitle "EXT 2007"]
[Source "ChessBase"]
[SourceDate "2006.11.23"]
[SourceVersion "1"]
[SourceVersionDate "2006.11.23"]
[SourceQuality "1"]

1. e4 c5 2. Nf3 e6 3. d3 Nc6 4. g3 g6 5. Bg2 Bg7 6. 0-0 d6 7. h4 e5 8. Nc3 Bg4 9. Nd5 h6 10. Ne3 Be6 11. h5 Nge7 12. Nh4 Qd7 13. hxg6 fxg6 14. Nd5 g5 15. Nxe7 Nxe7 16. Nf3 Bg4 17. Qe1 Bf6 18. Nh2 Be6 19. c3 h5 20. f4 exf4 21. gxf4 g4 22. f5 Bf7 23. Bf4 Nc6 24. e5 dxe5 25. Bxc6 Qxc6 26. Bxe5 0-0-0 27. d4 Rhe8 28. Qe3 Rd5 29. Rae1 cxd4 30. cxd4 Bxe5 31. dxe5 Rdxe5 32. Qf2 g3 33. Qxg3 Rxe1 0-1

[Event "St Petersburg Autumn op"]
[Site "St Petersburg"]
[Date "2006.11.02"]
[Round "3"]
[White "Vorobiov, Dmitry"]
[Black "Kudriavtsev, Yury"]
[Result "1-0"]
[WhiteElo "2129"]
[BlackElo "1961"]
[PlyCount "95"]
[EventDate "2006.10.31"]
[EventType "swiss"]
[EventRounds "9"]
[EventCountry "RUS"]
[SourceTitle "EXT 2007"]
[Source "ChessBase"]
[SourceDate "2006.11.23"]
[SourceVersion "1"]
[SourceVersionDate "2006.11.23"]
[SourceQuality "1"]

1. e4 e6 2. d3 d5 3. Nd2 Ne7 4. Ngf3 c5 5. g3 g6 6. Bg2 Bg7 7. 0-0 0-0 8. Re1 Nbc6 9. Nf1 dxe4 10. dxe4 b6 11. c3 Bb7 12. Qc2 Ne5 13. Nxe5 Bxe5 14. Bh6 Bg7 15. Bxg7 Kxg7 16. Rad1 Qc7 17. Ne3 Rad8 18. Ng4 h5 19. Ne3 Ng8 20. f4 f5 21. e5 Bxg2 22. Qxg2 Ne7 23. Nc4 Nc8 24. Qe2 Rxd1 25. Rxd1 Rd8 26. Nd6 Ne7 27. Qd3 Kh7 28. Qf3 Qc6 29. Kf2 Kg8 30. Qe2 c4 31. Nxf5 Qc5+ 32. Nd4 Nf5 33. Qe4 Kf7 34. Kf3 Qd5 35. Qxd5 Rxd5 36. Ke4 Ne7 37. h3 a6 38. g4 hxg4 39. hxg4 b5 40. Rh1 Kg8 41. Rh2 a5 42. Nxe6 Rd3 43. f5 gxf5+ 44. gxf5 Nxf5 45. Kxf5 b4 46. cxb4 axb4 47. Rh4 Rf3+ 48. Rf4 1-0

[Event "St Petersburg White Nights op"]
[Site "St Petersburg"]
[Date "2005.06.26"]
[Round "9"]
[White "Windelband, Jens"]
[Black "Vorobiov, Dmitry"]
[Result "1-0"]
[WhiteElo "2159"]
[BlackElo "2099"]
[PlyCount "55"]
[EventDate "2005.06.18"]
[EventType "swiss"]
[EventRounds "9"]
[EventCountry "RUS"]
[SourceTitle "CBM 106 Extra"]
[Source "ChessBase"]
[SourceDate "2005.07.01"]
[SourceVersion "1"]
[SourceVersionDate "2005.07.01"]
[SourceQuality "1"]

1. d4 Nf6 2. c4 e5 3. dxe5 Ng4 4. Bf4 Bb4+ 5. Nd2 Nc6 6. Ngf3 Qe7 7. e3 Ngxe5 8. Nxe5 Nxe5 9. Be2 d6 10. 0-0 Bxd2 11. Qxd2 Be6 12. Qb4 f6 13. Qxb7 0-0 14. b3 Rab8 15. Qa6 Nd7 16. Rfd1 g5 17. Bg3 f5 18. f3 f4 19. exf4 gxf4 20. Bf2 Qg5 21. Kh1 Rf6 22. Rd2 Rg6 23. Bf1 Kf7 24. Qxa7 Rbg8 25. Qxc7 Bh3 26. Bd4 Bf5 27. c5 Be6 28. c6 1-0

[Event "St Petersburg White Nights op"]
[Site "St Petersburg"]
[Date "2005.06.20"]
[Round "3"]
[White "Korchagina, Victoria"]
[Black "Vorobiov, Dmitry"]
[Result "1-0"]
[WhiteElo "1974"]
[BlackElo "2099"]
[PlyCount "69"]
[EventDate "2005.06.18"]
[EventType "swiss"]
[EventRounds "9"]
[EventCountry "RUS"]
[SourceTitle "CBM 106 Extra"]
[Source "ChessBase"]
[SourceDate "2005.07.01"]
[SourceVersion "1"]
[SourceVersionDate "2005.07.01"]
[SourceQuality "1"]

1. e4 c5 2. Nf3 e6 3. d4 cxd4 4. Nxd4 Qb6 5. Nc3 Bc5 6. Be3 Nc6 7. Nce2 Nf6 8. Nxc6 Bxe3 9. fxe3 dxc6 10. Qd3 Qxb2 11. Rd1 0-0 12. Ng3 Qxa2 13. Be2 Qa5+ 14. c3 Qg5 15. 0-0 a5 16. c4 b5 17. Qd6 Qxe3+ 18. Kh1 Nxe4 19. Nxe4 Qxe2 20. Rde1 Qxc4 21. Nf6+ gxf6 22. Rf4 Qc2 23. Rg4+ Qg6 24. Rxg6+ hxg6 25. Qxc6 Ba6 26. h4 Kg7 27. Kg1 b4 28. h5 Bd3 29. Qf3 Rad8 30. h6+ Kxh6 31. Qxf6 Rd5 32. g4 Rg5 33. Kf2 Be4 34. Rxe4 Rc8 35. Re3 1-0

[Event "St Petersburg Chigorin CC-ch"]
[Site "St Petersburg"]
[Date "2005.05.19"]
[Round "4"]
[White "Vorobiov, Dmitry"]
[Black "Fedoseev, Sergey"]
[Result "0-1"]
[WhiteElo "2099"]
[BlackElo "2302"]
[PlyCount "122"]
[EventDate "2005.05.16"]
[EventType "swiss"]
[EventRounds "9"]
[EventCountry "RUS"]
[SourceTitle "EXT 2006"]
[Source "ChessBase"]
[SourceDate "2005.11.24"]
[SourceVersion "1"]
[SourceVersionDate "2005.11.24"]
[SourceQuality "1"]

1. e4 c5 2. Nf3 Nc6 3. Bb5 g6 4. 0-0 Bg7 5. c3 Nf6 6. Re1 0-0 7. d4 d5 8. exd5 Qxd5 9. c4 Qd8 10. d5 Na5 11. Qe2 a6 12. Ba4 b5 13. cxb5 axb5 14. Bxb5 Nb3 15. axb3 Rxa1 16. Na3 Bg4 17. Rd1 Nxd5 18. h3 Bxf3 19. Qxf3 e6 20. Nc2 Ra5 21. Bc4 Qf6 22. Bxd5 exd5 23. Qxd5 Raa8 24. Bg5 Qxb2 25. Ne3 Qe5 26. Qxe5 Bxe5 27. Be7 Rfb8 28. Bxc5 Rxb3 29. Ng4 Ra1 30. Rxa1 Bxa1 31. Ne3 Rb1+ 32. Kh2 Rc1 33. Bd6 Bd4 34. Bf4 Bxe3 35. Bxe3 Rc2 36. h4 f6 37. Kg3 Kf7 38. Kf3 h5 39. g3 Ke6 40. Ke4 Rc4+ 41. Kf3 Kf5 42. Bf4 Rc3+ 43. Be3 Ra3 44. Kg2 Kg4 45. Bd4 Rf3 46. Be3 Rf5 47. Bd4 g5 48. hxg5 fxg5 49. Be3 h4 50. gxh4 gxh4 51. Bb6 h3+ 52. Kg1 Rb5 53. Bc7 Rb2 54. Be5 Re2 55. Bd6 Kf3 56. Kh2 Rxf2+ 57. Kxh3 Rd2 58. Bb4 Rc2 59. Ba3 Ra2 60. Bc5 Rb2 61. Ba3 Rb3 0-1

[Event "St Petersburg Chigorin CC-ch"]
[Site "St Petersburg"]
[Date "2005.05.17"]
[Round "2"]
[White "Vorobiov, Dmitry"]
[Black "Kharlamov, Igor1111"]
[Result "1-0"]
[WhiteElo "2099"]
[BlackElo "1935"]
[PlyCount "67"]
[EventDate "2005.05.16"]
[EventType "swiss"]
[EventRounds "9"]
[EventCountry "RUS"]
[SourceTitle "EXT 2006"]
[Source "ChessBase"]
[SourceDate "2005.11.24"]
[SourceVersion "1"]
[SourceVersionDate "2005.11.24"]
[SourceQuality "1"]

1. d4 d5 2. c4 e6 3. Nc3 Be7 4. Nf3 Nf6 5. e3 c5 6. Be2 Nc6 7. 0-0 0-0 8. b3 b6 9. Bb2 cxd4 10. exd4 Bb7 11. Ne5 dxc4 12. Nxc6 Bxc6 13. bxc4 Qd7 14. Qb3 Rfd8 15. Rfd1 Qb7 16. d5 exd5 17. cxd5 Nxd5 18. Bc4 Nxc3 19. Bxf7+ Kf8 20. Bxc3 Bxg2 21. Bh5 Bc5 22. Be5 Bd5 23. Qg3 Kg8 24. Bg4 Rf8 25. Rd2 Bc4 26. Rd7 Qxd7 27. Bxd7 Bxf2+ 28. Qxf2 Rxf2 29. Kxf2 Rd8 30. Rd1 Rf8+ 31. Kg3 Bxa2 32. Ra1 Rd8 33. Bc6 Rd2 34. Rxa2 1-0

[Event "Chigorin Memorial 12th"]
[Site "St Petersburg"]
[Date "2004.10.23"]
[Round "8"]
[White "Vorobiov, Dmitry"]
[Black "Solovjov, Sergey"]
[Result "1/2-1/2"]
[WhiteElo "2131"]
[BlackElo "2457"]
[PlyCount "92"]
[EventDate "2004.10.16"]
[EventType "swiss"]
[EventRounds "9"]
[EventCountry "RUS"]
[SourceTitle "EXT 2005"]
[Source "ChessBase"]
[SourceDate "2004.11.15"]
[SourceVersion "1"]
[SourceVersionDate "2004.11.15"]
[SourceQuality "1"]

1. c4 Nf6 2. d4 g6 3. g3 Bg7 4. Bg2 0-0 5. Nc3 d6 6. Nf3 c6 7. 0-0 Qa5 8. e4 e5 9. h3 exd4 10. Nxd4 Nbd7 11. Re1 Ne5 12. Bf1 Re8 13. Be3 a6 14. f4 Ned7 15. Bf2 Rb8 16. Qc2 Nf8 17. Rad1 Qh5 18. g4 Bxg4 19. hxg4 Nxg4 20. Bg3 Qc5 21. Bf2 Qh5 22. Bg3 Qc5 23. Qd2 Ne6 24. Nce2 Qxc4 25. Nxe6 Qxe6 26. Nc3 Rbd8 27. Bh3 h5 28. Bh4 Bf6 29. Bxf6 Qxf6 30. Bxg4 hxg4 31. Kg2 b5 32. Kg3 g5 33. Kxg4 b4 34. Na4 Qh6 35. fxg5 Qe6+ 36. Kg3 Qxa2 37. Nb6 Re5 38. Qf4 Qb3+ 39. Kg4 Qe6+ 40. Kg3 Re8 41. Rd4 Qg6 42. Kf3 Qe6 43. Qh4 Qb3+ 44. Re3 Rf5+ 45. Ke2 Qc2+ 46. Rd2 Qc5 1/2-1/2

[Event "Chigorin Memorial 12th"]
[Site "St Petersburg"]
[Date "2004.10.18"]
[Round "3"]
[White "Vorobiov, Dmitry"]
[Black "Nadeev, Sergey Vladimirovic"]
[Result "0-1"]
[WhiteElo "2131"]
[BlackElo "2315"]
[PlyCount "150"]
[EventDate "2004.10.16"]
[EventType "swiss"]
[EventRounds "9"]
[EventCountry "RUS"]
[SourceTitle "EXT 2005"]
[Source "ChessBase"]
[SourceDate "2004.11.15"]
[SourceVersion "1"]
[SourceVersionDate "2004.11.15"]
[SourceQuality "1"]

1. c4 Nf6 2. Nc3 e5 3. g3 d5 4. cxd5 Nxd5 5. Bg2 Nb6 6. Nf3 Nc6 7. d3 Be7 8. 0-0 0-0 9. a3 Be6 10. b4 f6 11. Rb1 Qe8 12. Bd2 Rd8 13. b5 Nd4 14. Nxd4 exd4 15. Ne4 Bd5 16. a4 c6 17. a5 Nd7 18. bxc6 Bxc6 19. Qc2 Ne5 20. a6 b6 21. Rfc1 Rc8 22. Qb3+ Kh8 23. Bb4 Bxb4 24. Qxb4 Qd7 25. Nd6 Rcd8 26. Nb7 Rc8 27. Bxc6 Nxc6 28. Qb5 Rfe8 29. Rc2 Re5 30. Qc4 Qh3 31. Nd6 h6 32. Nf7+ Kh7 33. Nxe5 Ne7 34. Qa4 fxe5 35. Rbc1 Rxc2 36. Rxc2 Nd5 37. Qc6 Nc3 38. Rxc3 dxc3 39. Qxc3 Qh5 40. f3 Qg5 41. d4 exd4 42. Qxd4 Qa5 43. Qd3+ Kh8 44. e4 b5 45. Qe3 Qxa6 46. e5 Qe6 47. f4 a5 48. Qa7 a4 49. Qb8+ Qg8 50. Qxb5 a3 51. Qa6 Qb3 52. e6 Kh7 53. e7 Qe3+ 54. Kg2 Qxe7 55. Qd3+ Kh8 56. Qc2 Qb7+ 57. Kh3 Qf7 58. Qc8+ Kh7 59. Qc2+ Kh8 60. Qc8+ Qg8 61. Qa6 a2 62. Kg4 Qd5 63. Qc8+ Kh7 64. Qc2+ Kg8 65. Qc8+ Kf7 66. Qc7+ Kf8 67. Qb8+ Ke7 68. Qb4+ Qd6 69. Qb2 Qd1+ 70. Kh4 a1Q 71. Qb7+ Qd7 72. Qb4+ Kf7 73. Qc4+ Qe6 74. Qc2 Qaf6+ 75. Kh5 Qh3# 0-1

[Event "RUS-Cup 300 years"]
[Site "St Petersburg"]
[Date "2003.10.22"]
[Round "5"]
[White "Biriukov, Ilja"]
[Black "Vorobiov, Dmitry"]
[Result "1/2-1/2"]
[WhiteElo "2343"]
[BlackElo "2179"]
[PlyCount "61"]
[EventDate "2003.10.18"]
[EventType "swiss"]
[EventRounds "9"]
[EventCountry "RUS"]
[SourceTitle "EXT 2004"]
[Source "ChessBase"]
[SourceDate "2003.11.25"]
[SourceVersion "1"]
[SourceVersionDate "2003.11.25"]
[SourceQuality "1"]

1. d4 d5 2. Bg5 Nf6 3. Bxf6 exf6 4. e3 c5 5. Nc3 Be6 6. Bb5+ Nc6 7. Nge2 a6 8. Bxc6+ bxc6 9. 0-0 Rb8 10. e4 Rxb2 11. exd5 cxd5 12. Re1 Be7 13. dxc5 0-0 14. Nd4 Qa5 15. Qd3 Bxc5 16. Nb3 Qa3 17. Nxc5 Qxc5 18. Na4 Qxc2 19. Nxb2 Qxb2 20. Qxa6 d4 21. a4 Bf5 22. Qb5 Qxb5 23. axb5 Rb8 24. Ra2 g5 25. Rb2 Rb6 26. Rc1 d3 27. Rc6 d2 28. Rxd2 Rxb5 29. f3 Kg7 30. g4 Be6 31. Kf2 1/2-1/2

[Event "RUS-Cup 300 years"]
[Site "St Petersburg"]
[Date "2003.10.21"]
[Round "4"]
[White "Vorobiov, Dmitry"]
[Black "Melnikov, Nikolay"]
[Result "1-0"]
[WhiteElo "2179"]
[BlackElo "1930"]
[PlyCount "77"]
[EventDate "2003.10.18"]
[EventType "swiss"]
[EventRounds "9"]
[EventCountry "RUS"]
[SourceTitle "EXT 2004"]
[Source "ChessBase"]
[SourceDate "2003.11.25"]
[SourceVersion "1"]
[SourceVersionDate "2003.11.25"]
[SourceQuality "1"]

1. e4 e5 2. Nf3 Nc6 3. d4 exd4 4. Nxd4 Bc5 5. Be3 Qf6 6. c3 Nge7 7. Bc4 Ne5 8. Be2 0-0 9. 0-0 d6 10. Nd2 Bb6 11. f4 N5c6 12. Nc2 Bxe3+ 13. Nxe3 b6 14. Ng4 Bxg4 15. Bxg4 Ng6 16. Qa4 Na5 17. Rae1 Rae8 18. g3 Kh8 19. Nf3 Ra8 20. Nd4 c5 21. Nb5 Qd8 22. Rd1 Qe7 23. Nxd6 Rfd8 24. e5 Nf8 25. Bf3 Rab8 26. Bd5 Rxd6 27. exd6 Qxd6 28. Bxf7 Qe7 29. Bd5 c4 30. Qc2 Qc5+ 31. Qf2 Qxf2+ 32. Rxf2 g6 33. f5 gxf5 34. Rxf5 Ng6 35. Rf7 Ne5 36. Rxa7 Nd3 37. Rf1 Ne5 38. Rf5 Nac6 39. Rc7 1-0

[Event "RUS-Cup 300 years"]
[Site "St Petersburg"]
[Date "2003.10.20"]
[Round "3"]
[White "Osinovsky, Stepan"]
[Black "Vorobiov, Dmitry"]
[Result "1-0"]
[WhiteElo "2274"]
[BlackElo "2179"]
[PlyCount "93"]
[EventDate "2003.10.18"]
[EventType "swiss"]
[EventRounds "9"]
[EventCountry "RUS"]
[SourceTitle "EXT 2004"]
[Source "ChessBase"]
[SourceDate "2003.11.25"]
[SourceVersion "1"]
[SourceVersionDate "2003.11.25"]
[SourceQuality "1"]

1. e4 e5 2. Nf3 Nc6 3. Bb5 a6 4. Ba4 Nf6 5. 0-0 Nxe4 6. d4 b5 7. Bb3 d5 8. Nxe5 Nxe5 9. dxe5 Be6 10. Be3 Be7 11. Nd2 Nc5 12. c3 Nd3 13. Qb1 Nxe5 14. Bd4 Ng6 15. f4 c5 16. Bxg7 Rg8 17. Bh6 Nh4 18. f5 Rxg2+ 19. Kh1 Qc7 20. Rf4 Bxf5 21. Qe1 0-0-0 22. Rxh4 Bxh4 23. Qxh4 Re2 24. Bd1 Re6 25. Bf3 Qc6 26. Bf4 Rde8 27. a4 b4 28. c4 Be4 29. Nxe4 dxe4 30. Bg2 Rg6 31. Rd1 Kb7 32. Qxh7 Qe6 33. Rd6 Qe7 34. Rxg6 fxg6 35. Qxg6 Ka7 36. a5 Qd8 37. Qd6 Qxd6 38. Bxd6 e3 39. Bxc5+ Kb8 40. Bxb4 e2 41. Be1 Kc7 42. Kg1 Rf8 43. c5 Rf5 44. Bg3+ Kd8 45. c6 Ke7 46. c7 Rc5 47. Kf2 1-0

[Event "RUS-Cup 300 years"]
[Site "St Petersburg"]
[Date "2003.10.18"]
[Round "1"]
[White "Gubajdullin, Alexey"]
[Black "Vorobiov, Dmitry"]
[Result "1-0"]
[WhiteElo "2472"]
[BlackElo "2179"]
[PlyCount "69"]
[EventDate "2003.10.18"]
[EventType "swiss"]
[EventRounds "9"]
[EventCountry "RUS"]
[SourceTitle "EXT 2004"]
[Source "ChessBase"]
[SourceDate "2003.11.25"]
[SourceVersion "1"]
[SourceVersionDate "2003.11.25"]
[SourceQuality "1"]

1. e4 e5 2. Nf3 Nc6 3. Bb5 Nd4 4. Nxd4 exd4 5. Bc4 d6 6. 0-0 Nf6 7. Re1 Be7 8. c3 dxc3 9. Nxc3 0-0 10. d4 c6 11. Qf3 Bg4 12. Qg3 Qd7 13. d5 Rfe8 14. f3 Bh5 15. dxc6 bxc6 16. Be3 Qb7 17. Bb3 a5 18. Rad1 Red8 19. Rd2 Bg6 20. Red1 Rd7 21. Qf2 Rad8 22. Na4 c5 23. Nc3 Qa6 24. Ba4 Rc7 25. e5 Ne8 26. Bxe8 Rxe8 27. exd6 Rd7 28. dxe7 Rdxe7 29. Bxc5 Re6 30. Nd5 Qc6 31. Ne7+ R6xe7 32. Bxe7 Rxe7 33. Rd8+ Re8 34. Rxe8+ Qxe8 35. Qb6 1-0

[Event "St Petersburg-chT "]
[Site "St Petersburg"]
[Date "2003.??.??"]
[Round "1"]
[White "Nikolaev, Vadim S"]
[Black "Vorobiov, Dmitry"]
[Result "0-1"]
[WhiteElo "2254"]
[BlackElo "1868"]
[PlyCount "64"]
[EventDate "2003.??.??"]
[EventType "team"]
[EventRounds "9"]
[EventCountry "RUS"]
[SourceTitle "EXT 2005"]
[Source "ChessBase"]
[SourceDate "2004.11.15"]
[SourceVersion "1"]
[SourceVersionDate "2004.11.15"]
[SourceQuality "1"]

1. d4 Nf6 2. Nf3 c5 3. e3 d5 4. Nbd2 Nc6 5. dxc5 e5 6. Bb5 Qc7 7. b4 Bd7 8. c3 Be7 9. Bb2 0-0 10. Bxc6 bxc6 11. c4 e4 12. Nd4 Ng4 13. cxd5 cxd5 14. N2b3 f5 15. g3 Bg5 16. Qd2 Ne5 17. 0-0 Nc4 18. Qe2 Nxb2 19. Qxb2 Rae8 20. a4 Rf6 21. b5 f4 22. exf4 Bxf4 23. a5 Bh3 24. Rfe1 e3 25. b6 Qb8 26. Kh1 exf2 27. Qxf2 Be3 28. Qxe3 Rxe3 29. Rxe3 Qf8 30. Ree1 Rf2 31. b7 Rb2 32. Re3 Bg2+ 0-1